История развития Кузнецкого прогиба в позднем палеозое; Проблемы геологии и освоения недр

Détails bibliographiques
Parent link:Проблемы геологии и освоения недр.— 2009.— С. 26-28
Auteur principal: Выдрыч Д. Е.
Autres auteurs: Рябчикова Э. Д. (научный руководитель)
Langue:russe
Publié: 2009
Sujets:
Format: Chapitre de livre
KOHA link:https://koha.lib.tpu.ru/cgi-bin/koha/opac-detail.pl?biblionumber=180666

MARC

LEADER 00000naa2a2200000 4500
001 180666
005 20231031170837.0
035 |a (RuTPU)RU\TPU\book\195846 
090 |a 180666 
100 |a 20100524d2009 k y0rusy50 ca 
101 0 |a rus 
102 |a RU 
200 1 |a История развития Кузнецкого прогиба в позднем палеозое  |f Д. Е. Выдрыч  |g науч. рук. Э. Д. Рябчикова 
320 |a Библиогр.: 10 назв. 
463 0 |0 (RuTPU)RU\TPU\book\186895  |y 978-5-98298-569-9  |t Проблемы геологии и освоения недр  |o труды XIII Международного симпозиума имени академика М. А. Усова студентов и молодых ученых, посвященного 110-летию со дня рождения К. В. Радугина  |f Томский политехнический университет (ТПУ), Институт геологии и нефтегазового дела (ИГНД)  |v С. 26-28  |d 2009  |p 993 с. 
610 1 |a Кузнецкий прогиб 
610 1 |a геологическое развитие 
610 1 |a палеозой 
610 1 |a стратиграфическая колонка 
610 1 |a каменный уголь 
610 1 |a пермские отложения 
610 1 |a отложения 
610 1 |a осадконакопление 
610 1 |a труды учёных ТПУ 
700 1 |a Выдрыч  |b Д. Е. 
702 1 |a Рябчикова  |b Э. Д.  |4 727 
801 1 |a RU  |b 63413507  |c 20100524 
942 |c BK